000 00945nam a2200265Ia 4500
003 OSt
005 20221005111503.0
006 a|||||r|||| 00| 0
007 ta
008 221004b |||||||| |||| 00| 0 hin d
020 _a8126004371 (hbk)
024 _a108291
037 _cTextual
040 _aCRL
_cCRL
_bhin
041 _2hin
_ahin
082 _aO152,1N07x, N8
100 _aतिवारी, विश्वनाथ प्रसाद, संपा.
245 0 _aमहादेवी रचना संचयन
246 _aMahādevī rachanā sanchayana
260 _aनई दिल्ली
_bसाहित्य अकादमी भारत
_c1998
300 _a295पृ0
_ccm.
650 _aहिन्दी साहित्य
942 _hO152,1N07x, N8
_cTEXL
_2cc
999 _c1021990
_d1021990